[Event "66. BEM 2012"]
[Site "Dortmund"]
[Date "2012.03.05"]
[Round "4.9"]
[White "Raskin, Vitali"]
[Black "Schwarz, Ingo"]
[Result "0-1"]
[WhiteElo "1667"]
[BlackElo "1784"]
[Annotator "P. Schulenburg"]
[PlyCount "108"]
[EventDate "2012.??.??"]
[Source "SG Dortmund"]
[SourceDate "2004.12.16"]

1. e4 d5 2. exd5 Qxd5 3. Nc3 Qa5 4. d4 Bf5 5. g4 Bg6 6. Bg2 c6 7. Nge2 e6 8.
O-O Be7 9. Nf4 Nf6 10. Re1 Na6 11. a3 O-O-O 12. Be3 Qc7 13. Qe2 Bd6 14. Qf3 Nd5
15. Ncxd5 exd5 16. h3 Be4 17. Nxd5 Bxd5 18. Qf5+ Be6 19. Qd3 h5 20. g5 h4 21.
Kf1 Qd7 22. Bd2 Bc7 23. Bc3 Bf4 24. g6 Bd5 25. Ba5 Bxg2+ 26. Kxg2 Qd5+ 27. Qf3
Qxa5 28. Qxf4 Qd5+ 29. Kg1 fxg6 30. c3 Qf5 31. Qh2 Rhe8 32. Re5 Rxe5 33. dxe5
Rd3 34. Re1 Rxh3 35. Qg2 Nc7 36. Qe4 Qxe4 37. Rxe4 Ne6 38. Kg2 Rd3 39. Rxh4 g5
40. Rh8+ Rd8 41. Rh1 Kc7 42. Kf3 Rf8+ 43. Ke3 Rf5 44. Ke4 Rxf2 45. b4 Rf4+ 46.
Ke3 g4 47. Rc1 Rf3+ 48. Ke4 Ng5+ 49. Kd4 g3 50. Re1 g2 51. Rg1 Rf2 52. Ke3 Nh3
53. c4 Nxg1 54. Kxf2 Nf3 0-1

[Event "66. BEM 2012"]
[Site "Dortmund"]
[Date "2012.03.05"]
[Round "4.10"]
[White "Schiefelbusch, Dirk"]
[Black "Duschek, Günter"]
[Result "1-0"]
[WhiteElo "2048"]
[BlackElo "1580"]
[Annotator "P. Schulenburg"]
[PlyCount "65"]
[EventDate "2012.??.??"]
[Source "SG Dortmund"]
[SourceDate "2004.12.16"]

1. c4 e5 2. Nc3 f5 3. d4 e4 4. Bf4 Nf6 5. e3 d6 6. f3 Be7 7. Qc2 exf3 8. Nxf3
Ng4 9. h3 Nf6 10. Bd3 g6 11. O-O-O Bd7 12. g4 Nc6 13. a3 Qc8 14. d5 Nd8 15. Nd4
c5 16. dxc6 Nxc6 17. gxf5 Nxd4 18. exd4 Bxf5 19. Rhe1 Bxd3 20. Rxd3 Kf7 21.
Rde3 Re8 22. Nb5 Qd7 23. Qb3 a6 24. c5+ d5 25. Nc7 Qf5 26. Be5 Qg5 27. Nxd5 Kg7
28. h4 Qh6 29. Bf4 Qxh4 30. Rxe7+ Kf8 31. Rxe8+ Nxe8 32. Rf1 Kg7 33. Qxb7+ 1-0

[Event "66. BEM 2012"]
[Site "Dortmund"]
[Date "2012.03.05"]
[Round "4.11"]
[White "Simon, Thomas"]
[Black "Vojdani, Bahram"]
[Result "1-0"]
[WhiteElo "1904"]
[BlackElo "1664"]
[Annotator "P. Schulenburg"]
[PlyCount "131"]
[EventDate "2012.??.??"]
[Source "SG Dortmund"]
[SourceDate "2004.12.16"]

1. Nf3 Nf6 2. b3 d5 3. Bb2 e6 4. g3 Be7 5. Bg2 c5 6. O-O O-O 7. d3 Nc6 8. Nbd2
Qc7 9. Re1 Re8 10. e4 d4 11. c3 e5 12. cxd4 exd4 13. Nc4 Bg4 14. Rc1 b5 15. Na3
Rab8 16. h3 Bxf3 17. Bxf3 Bd6 18. Bg2 Qb6 19. Kh2 Nb4 20. f4 Nd7 21. Ra1 a5 22.
Nc2 Na6 23. Qg4 Rbd8 24. e5 Bf8 25. Qf3 Nb4 26. Nxb4 axb4 27. Qg4 Qg6 28. Qxg6
hxg6 29. Bc6 Re6 30. Bxb5 Rb6 31. Bc4 Rbb8 32. a4 Nb6 33. Rac1 Ra8 34. e6 fxe6
35. Rxe6 Nxc4 36. dxc4 Rd6 37. Rxd6 Bxd6 38. Kg2 Kf7 39. Kf3 Re8 40. Rc2 Re3+
41. Kf2 Bc7 42. h4 Rxb3 43. Rd2 Re3 44. Kg2 Re6 45. Kf3 Ra6 46. Ke4 Ke6 47. g4
Rxa4 48. f5+ gxf5+ 49. gxf5+ Kd6 50. Rg2 Ra2 51. Rg6+ Kd7 52. Rxg7+ Kc6 53. Rg2
Ra8 54. f6 Re8+ 55. Kf5 Bd8 56. f7 Rf8 57. Ke6 Bxh4 58. Rg8 Rxf7 59. Kxf7 Be1
60. Rg6+ Kc7 61. Ke6 Bc3 62. Bc1 b3 63. Kd5 b2 64. Bf4+ Kb7 65. Rg1 Kb6 66. Rd1
1-0

[Event "66. BEM 2012"]
[Site "Dortmund"]
[Date "2012.03.05"]
[Round "4.12"]
[White "Horenburg, Oliver"]
[Black "Gennat, Egon L"]
[Result "0-1"]
[WhiteElo "1762"]
[BlackElo "1490"]
[Annotator "P. Schulenburg"]
[PlyCount "144"]
[EventDate "2012.??.??"]
[Source "SG Dortmund"]
[SourceDate "2004.12.16"]

1. d4 d5 2. Nf3 Nf6 3. e3 Bf5 4. Bd3 Bxd3 5. cxd3 e6 6. Qb3 b6 7. O-O Bd6 8.
Nc3 a6 9. e4 dxe4 10. dxe4 Be7 11. Bf4 O-O 12. Rac1 Nbd7 13. Rfd1 Rc8 14. e5
Nh5 15. Be3 g6 16. Ne4 Ng7 17. Bh6 Re8 18. Nfg5 Nf5 19. Qh3 Nxh6 20. Qxh6 Nf8
21. Rc3 f5 22. exf6 Bxf6 23. Nxf6+ Qxf6 24. Rf3 Qg7 25. Qh3 Re7 26. b3 Rd8 27.
Rxf8+ Rxf8 28. Nxe6 Qf6 29. Nxf8 Qxf8 30. Qd3 a5 31. h3 Rd7 32. Qc4+ Qf7 33.
Qxf7+ Kxf7 34. Kf1 Ke6 35. Ke2 Kd5 36. Rd3 Re7+ 37. Re3 Rf7 38. Rd3 Rf4 39. Re3
Rxd4 40. Re7 Re4+ 41. Rxe4 Kxe4 {(=)} 42. Kd2 b5 43. Kc3 c6 44. a3 g5 45. b4 a4
46. Kc2 h5 47. Kc3 h4 48. Kc2 Kd4 49. g3 $2 Ke4 $2 (49... g4 $3) 50. Kc3 Kf3
51. gxh4 gxh4 52. Kd4 Kxf2 53. Kc5 Kg3 54. Kxc6 Kxh3 55. Kxb5 Kg4 56. Ka6 h3
57. b5 h2 58. b6 h1=Q 59. b7 Qc6+ 60. Ka7 Qc5+ 61. Ka6 Qc6+ 62. Ka7 Qc7 63. Ka8
Qa5+ 64. Kb8 Kf5 65. Kc8 Qc5+ 66. Kd7 Qb6 67. Kc8 Qc6+ 68. Kb8 Ke6 69. Ka7 Qc7
70. Ka8 Qa5+ 71. Kb8 Kd6 72. Kc8 Qc7# 0-1

[Event "66. BEM 2012"]
[Site "Dortmund"]
[Date "2012.03.05"]
[Round "4.13"]
[White "Hlopotov, Oleg"]
[Black "Schultz, Bernfried"]
[Result "1-0"]
[WhiteElo "1701"]
[BlackElo "1739"]
[Annotator "P. Schulenburg"]
[PlyCount "23"]
[EventDate "2012.??.??"]
[Source "SG Dortmund"]
[SourceDate "2004.12.16"]

1. e4 e5 2. Nf3 Nc6 3. d4 exd4 4. Nxd4 Nf6 5. Nc3 Bc5 6. Be3 O-O 7. Nxc6 Qe8 8.
Bxc5 Nxe4 9. Ne7+ Kh8 10. Nxe4 d6 11. Nxc8 Qxe4+ 12. Be3 1-0

[Event "66. BEM 2012"]
[Site "Dortmund"]
[Date "2012.03.05"]
[Round "4.14"]
[White "Strotmann, Dieter"]
[Black "Reinacher, Detlev"]
[Result "0-1"]
[WhiteElo "1362"]
[BlackElo "1650"]
[Annotator "P. Schulenburg"]
[PlyCount "54"]
[EventDate "2012.??.??"]
[Source "SG Dortmund"]
[SourceDate "2004.12.16"]

1. Nf3 Nf6 2. g3 g6 3. Bg2 Bg7 4. d4 d6 5. b3 c6 6. O-O O-O 7. Nbd2 Nbd7 8. Bb2
Qc7 9. c4 b6 10. Rc1 Bb7 11. Re1 e5 12. e4 exd4 13. Bxd4 Rfe8 14. Bb2 c5 15.
Qc2 Re7 16. Re2 Rae8 17. Rce1 d5 18. Bxf6 Nxf6 19. cxd5 Nxd5 20. Nc4 Nc3 21.
Re3 Bxe4 22. Rxe4 Nxe4 23. Nh4 Nc3 24. Rxe7 Qxe7 25. Bc6 Qe1+ 26. Kg2 Re2 27.
Nf3 Qxf2+ 0-1

[Event "66. BEM 2012"]
[Site "Dortmund"]
[Date "2012.03.05"]
[Round "4.15"]
[White "Wangrin, Stefan A"]
[Black "Gegner, Michael"]
[Result "0-1"]
[WhiteElo "1165"]
[BlackElo "1613"]
[Annotator "P. Schulenburg"]
[PlyCount "70"]
[EventDate "2012.??.??"]
[Source "SG Dortmund"]
[SourceDate "2004.12.16"]

1. c4 e5 2. Nc3 Nf6 3. e4 c6 4. Nf3 d6 5. h3 Be7 6. d4 exd4 7. Nxd4 O-O 8. Bd3
Ne8 9. Qc2 c5 10. Nf3 Nf6 11. Be3 Nc6 12. O-O-O Qa5 13. Qb1 Bd7 14. Nd2 Ne5 15.
Bc2 a6 16. f4 Nc6 17. a3 b5 18. Nb3 Qb6 19. Nd5 Qd8 20. Nxf6+ Bxf6 21. Rxd6 Be7
22. Rd5 Qc7 23. Nxc5 Bxc5 24. Rxc5 bxc4 25. e5 g6 26. Rxc4 Rac8 27. g4 Qb7 28.
Rg1 Na5 29. Rb4 Nb3+ 30. Kd1 Qf3+ 31. Ke1 Qxe3+ 32. Kf1 Nd2+ 33. Kg2 Nxb1 34.
Bxb1 Bc6+ 35. Kf1 Bf3 0-1

[Event "66. BEM 2012"]
[Site "Dortmund"]
[Date "2012.03.05"]
[Round "4.16"]
[White "Milonas, Georgios"]
[Black "Grawe, Herbert"]
[Result "1-0"]
[WhiteElo "1583"]
[BlackElo "1385"]
[Annotator "P. Schulenburg"]
[PlyCount "69"]
[EventDate "2012.??.??"]
[Source "SG Dortmund"]
[SourceDate "2004.12.16"]

1. e4 Nc6 2. Nf3 e5 3. Bb5 Bc5 4. Nc3 a6 5. Ba4 b5 6. Bb3 d6 7. h3 f5 8. Bd5
Bd7 9. exf5 Nf6 10. Bb3 Bxf5 11. d3 h6 12. Nd5 Na5 13. Nxf6+ Qxf6 14. Bd5 c6
15. Be4 Bxe4 16. dxe4 O-O 17. O-O Rad8 18. Qe1 Nb7 19. Be3 Qe6 20. Kh2 g5 21.
a4 g4 22. Nh4 gxh3 23. gxh3 Qc4 24. Rg1+ Kh7 25. Rg6 Bxe3 26. Qxe3 Rf4 27. Qg3
Rxh4 28. Rg7+ Kh8 29. Qxh4 Kxg7 30. Rg1+ Kf7 31. Qh5+ Ke7 32. Rg7+ Kf8 33. Qxh6
Qg8 34. Rxb7+ Ke8 35. Rg7 1-0

[Event "66. BEM 2012"]
[Site "Dortmund"]
[Date "2012.03.05"]
[Round "4.17"]
[White "Jentzsch, Werner Wilfried"]
[Black "Benke, Werner"]
[Result "1/2-1/2"]
[WhiteElo "1317"]
[BlackElo "1518"]
[Annotator "P. Schulenburg"]
[PlyCount "82"]
[EventDate "2012.??.??"]
[Source "SG Dortmund"]
[SourceDate "2004.12.16"]

1. d4 d5 2. Nc3 Nf6 3. Bf4 a6 4. f3 Bf5 5. g4 Bg6 6. h4 h6 7. h5 Bh7 8. Qd2 e6
9. O-O-O Bd6 10. Nh3 c6 11. Bg2 Qc7 12. e4 dxe4 13. Nxe4 Nxe4 14. fxe4 Bxf4 15.
Qxf4 Qxf4+ 16. Nxf4 Nd7 17. d5 cxd5 18. exd5 e5 19. Rhe1 O-O-O 20. Nd3 Rhe8 21.
Nf4 exf4 22. Rxe8 Rxe8 23. d6 Re2 24. Rd2 Rxd2 25. Kxd2 Ne5 26. c3 f3 27. Bh1
Be4 28. Ke3 Bd5 29. Kf2 Nxg4+ 30. Kg3 f2 31. Bg2 Bxg2 32. Kxg2 Kd7 33. b4 b5
34. a3 Kxd6 35. Kf1 Kd5 36. Ke2 Kc4 37. Kf1 Kxc3 38. Ke2 Kb3 39. a4 bxa4 40. b5
axb5 41. Kd2 f1=Q 1/2-1/2

[Event "66. BEM 2012"]
[Site "Dortmund"]
[Date "2012.03.05"]
[Round "4.18"]
[White "Schmidt, Andreas N"]
[Black "Vogt, Christian"]
[Result "0-1"]
[WhiteElo "792"]
[BlackElo "1499"]
[Annotator "P. Schulenburg"]
[PlyCount "85"]
[EventDate "2012.??.??"]
[Source "SG Dortmund"]
[SourceDate "2004.12.16"]

1. e4 g6 2. d4 Bg7 3. Nf3 c6 4. Nc3 d5 5. Bd3 dxe4 6. Nxe4 Bxd4 7. c3 Bg7 8.
Be3 Nd7 9. Qb3 Ngf6 10. Nxf6+ Nxf6 11. Rd1 Qc7 12. Ng5 O-O 13. Bc4 e6 14. Bc5
Qe5+ 15. Be3 Nd5 16. Nf3 Qc7 17. Bc5 Re8 18. O-O b6 19. Ba3 Bb7 20. Rfe1 c5 21.
Re4 Nxc3 22. Rh4 Nxd1 23. Ng5 Qe5 24. Nxh7 Qe1+ 25. Bf1 Ba6 26. h3 Qxf1+ 27.
Kh2 Nxf2 28. Nf6+ Bxf6 29. Rf4 Be5 30. g3 Qe2 31. Qf3 Qxf3 32. Rxf3 Ne4 33. Kh1
Bd4 34. Kg2 Nd6 35. b4 Nc4 36. Bc1 Bb7 37. bxc5 bxc5 38. Bg5 Bxf3+ 39. Kxf3 f6
40. Bc1 Kf7 41. g4 Rab8 42. Bh6 Rb2 43. h4 0-1

[Event "66. BEM 2012"]
[Site "Dortmund"]
[Date "2012.03.05"]
[Round "4.20"]
[White "Dirks, Rainer"]
[Black "Heselmeyer, Wolfgang"]
[Result "0-1"]
[WhiteElo "1120"]
[BlackElo "1349"]
[Annotator "P. Schulenburg"]
[PlyCount "78"]
[EventDate "2012.??.??"]
[Source "SG Dortmund"]
[SourceDate "2004.12.16"]

1. e4 c5 2. Nc3 Nc6 3. Nf3 d6 4. Bc4 e6 5. O-O Be7 6. d4 cxd4 7. Nxd4 Bf6 8.
Nxc6 bxc6 9. Qf3 Ne7 10. Rd1 O-O 11. Bd3 Ng6 12. Ne2 Ne5 13. Qg3 Bh4 14. Qh3
Qf6 15. g3 Nf3+ 16. Kh1 e5 17. Qg2 Bg5 18. Bxg5 Nxg5 19. Rf1 Bh3 20. Qg1 Nf3 {
Huebsch!} 21. Qg2 Bxg2+ 22. Kxg2 Nd2 23. Rfd1 Qf3+ 24. Kg1 Nxe4 25. Bxe4 Qxe4
26. Nc3 Qg6 27. Rac1 f5 28. Rd2 f4 29. Rcd1 Rad8 30. Re1 f3 31. Re4 Rf4 32. Re3
Qg4 33. Rdd3 e4 34. Nxe4 Rxe4 35. Rxe4 Qxe4 36. Re3 Qxc2 37. h4 Rf8 38. Rc3
Qd1+ 39. Kh2 Qf1 0-1

[Event "66. BEM 2012"]
[Site "Dortmund"]
[Date "2012.03.05"]
[Round "4.21"]
[White "Reker, Gerhard"]
[Black "Hlopotov, Nikita"]
[Result "0-1"]
[WhiteElo "756"]
[BlackElo "1405"]
[Annotator "P. Schulenburg"]
[PlyCount "68"]
[EventDate "2012.??.??"]
[Source "SG Dortmund"]
[SourceDate "2004.12.16"]

1. e4 e5 2. Nf3 Nc6 3. Bb5 Nf6 4. Nc3 d6 5. Bxc6+ bxc6 6. O-O Be7 7. d3 Bg4 8.
h3 Bh5 9. Qd2 Bxf3 10. gxf3 g5 11. Qxg5 Rg8 12. Qxg8+ Nxg8 13. Kh1 Bg5 14. Rg1
Qd7 15. Rxg5 Qxh3+ 16. Kg1 O-O-O 17. Be3 Kb7 18. f4 f6 19. Rg7 Ne7 20. Rg3 Qh4
21. f5 Rg8 22. Ne2 Rxg3+ 23. Nxg3 h5 24. Kg2 Qg4 25. Rh1 h4 26. Rh3 hxg3 27.
fxg3 Qe2+ 28. Bf2 Qxc2 29. Rh7 Qxd3 30. Rxe7 Qxe4+ 31. Kh3 Qxf5+ 32. Kg2 Qg5
33. Be1 f5 34. Bb4 Qxe7 0-1

[Event "66. BEM 2012"]
[Site "Dortmund"]
[Date "2012.03.05"]
[Round "4.22"]
[White "Skoecz, Horst"]
[Black "Krüger, Inge"]
[Result "1-0"]
[WhiteElo "1164"]
[BlackElo "1303"]
[Annotator "P. Schulenburg"]
[PlyCount "155"]
[EventDate "2012.??.??"]
[Source "SG Dortmund"]
[SourceDate "2004.12.16"]

1. e4 e6 2. d4 d5 3. e5 c5 4. c3 cxd4 5. Qxd4 Nc6 6. Bb5 Bd7 7. Bxc6 Bxc6 8.
Nf3 Be7 9. O-O Qc7 10. Qg4 g6 11. Bg5 O-O-O 12. Bxe7 Nxe7 13. Qd4 Kb8 14. Qb4
Rhf8 15. Nd4 Bd7 16. Nd2 Nc6 17. Nxc6+ Bxc6 18. Nf3 f6 19. exf6 Rxf6 20. Qd4
Rdf8 21. Rae1 Bb5 22. Qe5 Bxf1 23. Rxf1 Qxe5 24. Nxe5 Kc7 25. Nd3 Kd6 26. f4 h6
27. h4 g5 28. hxg5 hxg5 29. g3 gxf4 30. gxf4 Rf5 31. Rf3 Rg8+ 32. Kf2 Rh5 33.
Ke3 b6 34. a4 Rc8 35. Ne5 a6 36. Kd3 b5 37. axb5 axb5 38. b4 Ra8 39. Kd4 Ra1
40. Nf7+ Ke7 41. Ne5 Ra8 42. Kc5 Rf8 43. Ng6+ Ke8 44. Nxf8 Kxf8 45. Kd6 Kf7 46.
Re3 Rf5 47. Rxe6 Rxf4 48. Re7+ Kf6 49. Rc7 Rf3 50. Rc5 Rd3 51. Rxb5 Rxc3 52.
Rxd5 Rb3 53. Kc5 Ke6 54. Rd4 Rc3+ 55. Kb5 Ke5 56. Rd8 Rb3 57. Kc4 Rb1 58. Re8+
Kd6 59. Kb5 Kd7 60. Re4 Kc7 61. Re7+ Kd6 62. Ra7 Rb2 63. Ra4 Kc7 64. Ra6 Rb1
65. Rc6+ Kd7 66. Rc4 Kd6 67. Kb6 Kd5 68. Rh4 Kd6 69. b5 Kd7 70. Rh5 Kc8 71. Kc6
Rc1+ 72. Kb6 Kd8 73. Rh8+ Kd7 74. Kb7 Rc7+ 75. Kb8 Rc5 76. b6 Rb5 77. Kb7 Rb1
78. Rh6 1-0

[Event "66. BEM 2012"]
[Site "Dortmund"]
[Date "2012.03.05"]
[Round "4.23"]
[White "Böckmann, Lieselotte"]
[Black "Koch, Detlev"]
[Result "0-1"]
[WhiteElo "930"]
[BlackElo "1341"]
[Annotator "P. Schulenburg"]
[PlyCount "62"]
[EventDate "2012.??.??"]
[Source "SG Dortmund"]
[SourceDate "2004.12.16"]

1. c4 Nf6 2. Nc3 e6 3. g3 Bb4 4. Bg2 d5 5. a3 Bxc3 6. bxc3 dxc4 7. a4 O-O 8. a5
c6 9. Nf3 Nbd7 10. O-O Nc5 11. Bb2 Nb3 12. Ra4 Nxa5 13. Nd4 Rb8 14. Ba3 Re8 15.
Re1 Nb3 16. Nxb3 cxb3 17. Rd4 Qb6 18. Bd6 Ra8 19. Be5 Nd5 20. Rg4 f6 21. Bd4 c5
22. e4 e5 23. Rh4 g6 24. exd5 cxd4 25. cxd4 Bf5 26. Be4 Bxe4 27. Rexe4 Rad8 28.
Rh6 Rxd5 29. Qf3 b2 30. Re1 Rxd4 31. Qg4 Rxg4 0-1

[Event "66. BEM 2012"]
[Site "Dortmund"]
[Date "2012.03.06"]
[Round "5.2"]
[White "Hoppe, Dirk"]
[Black "Zelt, Jens"]
[Result "1/2-1/2"]
[WhiteElo "1865"]
[BlackElo "1993"]
[Annotator "P. Schulenburg"]
[PlyCount "23"]
[EventDate "2012.??.??"]
[Source "SG Dortmund"]
[SourceDate "2004.12.16"]

1. e4 d6 2. c4 c5 3. Nc3 Nc6 4. d3 g6 5. f4 e5 6. Nf3 Bg7 7. Be2 Nge7 8. O-O
Nd4 9. fxe5 dxe5 10. Nd5 Nxd5 11. cxd5 O-O 12. Nxd4 1/2-1/2

[Event "66. BEM 2012"]
[Site "Dortmund"]
[Date "2012.03.06"]
[Round "5.3"]
[White "Sonntag, Joachim"]
[Black "Kropp, Andreas"]
[Result "1/2-1/2"]
[WhiteElo "1752"]
[BlackElo "1940"]
[Annotator "P. Schulenburg"]
[PlyCount "59"]
[EventDate "2012.??.??"]
[Source "SG Dortmund"]
[SourceDate "2004.12.16"]

1. e4 c5 2. Nf3 e6 3. d4 cxd4 4. Nxd4 Nf6 5. Nc3 d6 6. Be2 Be7 7. Be3 Nc6 8.
O-O Bd7 9. Qd2 Nxd4 10. Bxd4 Bc6 11. f3 O-O 12. Rad1 a6 13. Kh1 Qc7 14. Qe3 Nd7
15. Qf2 b5 16. a3 Bf6 17. f4 Rad8 18. Bxf6 Nxf6 19. Bf3 a5 20. Qe2 b4 21. axb4
axb4 22. Nb5 Bxb5 23. Qxb5 Qxc2 24. Qxb4 Rb8 25. Qxd6 Rxb2 26. Qd3 Qa4 27. Ra1
Qd7 28. Qxd7 Nxd7 29. Rfc1 Rfb8 30. h3 1/2-1/2

[Event "66. BEM 2012"]
[Site "Dortmund"]
[Date "2012.03.06"]
[Round "5.4"]
[White "Zachos, Ingo"]
[Black "Rossa, Daniel"]
[Result "0-1"]
[WhiteElo "1851"]
[BlackElo "1811"]
[Annotator "P. Schulenburg"]
[PlyCount "118"]
[EventDate "2012.??.??"]
[Source "SG Dortmund"]
[SourceDate "2004.12.16"]

1. Nf3 Nf6 2. c4 g6 3. g3 Bg7 4. Bg2 O-O 5. O-O c5 6. Nc3 Nc6 7. a3 d6 8. Rb1
a5 9. d3 Bd7 10. b3 Ne8 11. Bd2 Rb8 12. Ne1 Nc7 13. Nc2 b5 14. cxb5 Nxb5 15.
Nxb5 Rxb5 16. Ne3 Nd4 17. a4 Rb8 18. Nc4 Nc6 19. Bxc6 Bxc6 20. Nxa5 Ba8 21. Nc4
Qd7 22. a5 Qc6 23. f3 f5 24. Nb6 Bb7 25. Qc2 e5 26. b4 e4 27. dxe4 fxe4 28.
Qxe4 d5 29. b5 Qxb6 30. Qe7 Bd4+ 31. e3 Qf6 32. Qxf6 Bxf6 33. a6 Ba8 34. b6 Bc6
35. Rfc1 c4 36. b7 Bxb7 37. axb7 Rf7 38. Rb6 Rbxb7 39. Rd6 Rbd7 40. Rxd7 Rxd7
41. Bc3 Kf7 42. Kf2 Ra7 43. Bxf6 Ra2+ 44. Ke1 Kxf6 45. e4 Rxh2 46. Rc3 Ke5 47.
exd5 Kxd5 48. Ra3 Kd4 49. Kd1 c3 50. Ra7 Kd3 51. Rd7+ Ke3 52. Rf7 Kf2 53. g4
Kg3 54. g5 Rh4 55. f4 Kg4 56. Kc2 Rh3 57. Rf8 Rf3 58. Rf7 Rxf4 59. Rxh7 Rc4 0-1

[Event "66. BEM 2012"]
[Site "Dortmund"]
[Date "2012.03.06"]
[Round "5.5"]
[White "Schulz-Runge, Michael"]
[Black "Lauche, Christoph"]
[Result "1-0"]
[WhiteElo "1732"]
[BlackElo "1841"]
[Annotator "P. Schulenburg"]
[PlyCount "53"]
[EventDate "2012.??.??"]
[Source "SG Dortmund"]
[SourceDate "2004.12.16"]

1. e4 c5 2. Nf3 Nc6 3. Nc3 g6 4. Bc4 Bg7 5. Ng5 e6 6. f4 d6 7. d3 Nf6 8. O-O
O-O 9. a3 d5 10. Ba2 h6 11. Nh3 dxe4 12. dxe4 Qd4+ 13. Nf2 e5 14. Qe1 Ng4 15.
Nd5 Nxf2 16. Rxf2 exf4 17. c3 Qa4 18. b3 Qa5 19. b4 cxb4 20. axb4 Qd8 21. Nxf4
Ne5 22. Be3 Nd3 23. Nxd3 Qxd3 24. Rxf7 Rxf7 25. Rd1 Qxe4 26. Rd8+ Bf8 27. Rxf8+
1-0

[Event "66. BEM 2012"]
[Site "Dortmund"]
[Date "2012.03.06"]
[Round "5.6"]
[White "Schwarz, Ingo"]
[Black "Simon, Thomas"]
[Result "1-0"]
[WhiteElo "1784"]
[BlackElo "1904"]
[Annotator "P. Schulenburg"]
[PlyCount "91"]
[EventDate "2012.??.??"]
[Source "SG Dortmund"]
[SourceDate "2004.12.16"]

1. e4 c5 2. Nc3 Nc6 3. f4 g6 4. Nf3 Bg7 5. Bc4 e6 6. O-O Nge7 7. d3 O-O 8. Qe1
d5 9. Bb3 d4 10. Ne2 Na5 11. Ba4 a6 12. Bd2 Nac6 13. Bxc6 Nxc6 14. Ng3 f5 15.
e5 b6 16. h4 h5 17. Ng5 Bh6 18. Qe2 Bxg5 19. fxg5 Ra7 20. a3 Qd5 21. Bf4 Bd7
22. Rab1 b5 23. Rfd1 Be8 24. c4 dxc3 25. bxc3 Na5 26. Nf1 Bc6 27. Ne3 Qd8 28.
d4 cxd4 29. Rxd4 Qe7 30. Rd6 Rc7 31. Qa2 Nc4 32. Nxc4 Bd5 33. Rxd5 exd5 34. Ne3
Rc4 35. Nxc4 dxc4 36. Rd1 Rd8 37. Rxd8+ Qxd8 38. Qd2 Qxd2 39. Bxd2 Kf7 40. Kf2
Ke6 41. Bf4 Kd5 42. Ke3 a5 43. Bg3 a4 44. Bf4 Kc5 45. e6 Kc6 46. Kd4 1-0

[Event "66. BEM 2012"]
[Site "Dortmund"]
[Date "2012.03.06"]
[Round "5.7"]
[White "Gennat, Egon L"]
[Black "Schiefelbusch, Dirk"]
[Result "0-1"]
[WhiteElo "1490"]
[BlackElo "2048"]
[Annotator "P. Schulenburg"]
[PlyCount "80"]
[EventDate "2012.??.??"]
[Source "SG Dortmund"]
[SourceDate "2004.12.16"]

1. d4 d5 2. c4 c6 3. Nc3 Nf6 4. Nf3 dxc4 5. a4 Bf5 6. e3 e6 7. Bxc4 Bb4 8. O-O
Nbd7 9. Bd2 O-O 10. Nh4 Bg4 11. Be2 Bxe2 12. Qxe2 a5 13. Rac1 Re8 14. Nf3 Rc8
15. Na2 Bxd2 16. Qxd2 Qb6 17. b4 axb4 18. Qxb4 Qxb4 19. Nxb4 Ra8 20. Ra1 Ra5
21. Ra3 Rea8 22. Rfa1 Nb6 23. Nd3 Rxa4 24. Rxa4 Rxa4 25. Rxa4 Nxa4 26. Nfe5 Kf8
27. Nc5 Nxc5 28. dxc5 Ke7 29. Kf1 Nd7 30. Nd3 f5 31. f4 e5 32. fxe5 Ke6 33. Ke2
Kd5 34. h3 Nxc5 35. Nxc5 Kxc5 36. Kf3 Kd5 37. Kf4 Ke6 38. h4 g6 39. e4 fxe4 40.
Kxe4 c5 0-1

[Event "66. BEM 2012"]
[Site "Dortmund"]
[Date "2012.03.06"]
[Round "5.8"]
[White "Begna, Bozidar"]
[Black "Gitschel, Ralf"]
[Result "1/2-1/2"]
[WhiteElo "2000"]
[BlackElo "1860"]
[Annotator "P. Schulenburg"]
[PlyCount "64"]
[EventDate "2012.??.??"]
[Source "SG Dortmund"]
[SourceDate "2004.12.16"]

1. d3 e5 2. Nf3 Nc6 3. c3 d5 4. e4 dxe4 5. dxe4 Qxd1+ 6. Kxd1 Bc5 7. Be3 Bxe3
8. fxe3 f6 9. Bc4 Na5 10. Bb5+ c6 11. Bd3 Be6 12. Nbd2 b6 13. Ke2 Nh6 14. h3
Nf7 {(=)} 15. Rhf1 Rd8 16. b4 Nb7 17. Nh4 Nfd6 18. a4 O-O 19. Nf5 Rd7 20. Rfd1
Rfd8 21. Nxd6 Nxd6 22. a5 Nb5 23. Bxb5 cxb5 24. axb6 axb6 25. Nf3 Bc4+ 26. Ke1
Rxd1+ 27. Rxd1 Rxd1+ 28. Kxd1 Bf1 29. Nd2 Bxg2 30. h4 Bh3 31. Ke2 Kf8 32. Kf2
Be6 1/2-1/2

[Event "66. BEM 2012"]
[Site "Dortmund"]
[Date "2012.03.06"]
[Round "5.9"]
[White "Tekin, Baran"]
[Black "Hlopotov, Oleg"]
[Result "1-0"]
[WhiteElo "1737"]
[BlackElo "1701"]
[Annotator "P. Schulenburg"]
[PlyCount "77"]
[EventDate "2012.??.??"]
[Source "SG Dortmund"]
[SourceDate "2004.12.16"]

1. d4 d5 2. Nf3 Nf6 3. c4 e6 4. Nc3 c5 5. Bg5 dxc4 6. e3 cxd4 7. Nxd4 Be7 8.
Bxc4 a6 9. a4 b6 10. Qf3 Ra7 11. O-O Rd7 12. Bxe6 Rxd4 13. Bxc8 Rc4 14. Bf5 O-O
15. Rfd1 Qc7 16. Bxf6 Bxf6 17. Nd5 Qe5 18. Nxb6 Rb4 19. a5 Qxb2 20. Rab1 Qa3
21. Nd5 Rxb1 22. Nxf6+ gxf6 23. Rxb1 h6 24. h4 Qd6 25. Rb6 Qe5 26. Bb1 Kg7 27.
Bd3 Rd8 28. Bxa6 Nxa6 29. Rxa6 Qa1+ 30. Kh2 Rd1 31. Ra8 Rh1+ 32. Kg3 Qe5+ 33.
Qf4 Ra1 34. Qxe5 fxe5 35. a6 Ra4 36. a7 f6 37. h5 f5 38. f3 Kf7 39. Rh8 1-0

[Event "66. BEM 2012"]
[Site "Dortmund"]
[Date "2012.03.06"]
[Round "5.10"]
[White "Reinacher, Detlev"]
[Black "Morawietz, Manuel"]
[Result "0-1"]
[WhiteElo "1650"]
[BlackElo "1836"]
[Annotator "P. Schulenburg"]
[PlyCount "64"]
[EventDate "2012.??.??"]
[Source "SG Dortmund"]
[SourceDate "2004.12.16"]

1. Nf3 Nf6 2. g3 c5 3. d3 Nc6 4. Bg2 d5 5. c3 e5 6. Nbd2 Be7 7. Qc2 O-O 8. O-O
Qc7 9. a3 a5 10. b3 b6 11. Bb2 Bb7 12. e4 dxe4 13. dxe4 Rad8 14. Nh4 Ba6 15. c4
g6 16. Rfd1 Nh5 17. Nhf3 Ng7 18. Nf1 Nd4 19. Nxd4 exd4 20. f4 Bc8 21. b4 cxb4
22. axb4 Bg4 23. Rxd4 Bxb4 24. Rxd8 Rxd8 25. h3 Be6 26. Rc1 Qd7 27. Qb1 Bxh3
28. Qa1 Nh5 29. Bc3 Bc5+ 30. Kh2 Bxg2 31. Kxg2 Qg4 32. Be5 Nxg3 0-1

[Event "66. BEM 2012"]
[Site "Dortmund"]
[Date "2012.03.06"]
[Round "5.12"]
[White "Ziemek, Gerhard"]
[Black "Milonas, Georgios"]
[Result "1/2-1/2"]
[WhiteElo "1669"]
[BlackElo "1583"]
[Annotator "P. Schulenburg"]
[PlyCount "145"]
[EventDate "2012.??.??"]
[Source "SG Dortmund"]
[SourceDate "2004.12.16"]

1. d4 d5 2. e4 e6 3. Nc3 Bb4 4. Bd3 c5 5. dxc5 d4 6. Nge2 dxc3 7. bxc3 Bxc5 8.
O-O Ne7 9. Nf4 Ng6 10. Nxg6 hxg6 11. Bf4 Nc6 12. Qe2 Qh4 13. Bg3 Qe7 14. a4 Na5
15. Rfd1 Bd7 16. Be5 O-O 17. Bc7 b6 18. Bf4 Bc6 19. Qg4 f5 20. exf5 gxf5 21.
Qg3 e5 22. Bxe5 Bxf2+ 23. Kxf2 f4 24. Bxf4 Rxf4+ 25. Kg1 Rf6 26. Re1 Qc5+ 27.
Kh1 Qf2 28. Qh3 Rh6 29. Qg4 Qh4 30. Qxh4 Rxh4 31. Re7 Rxa4 32. Rae1 Rg4 33. Rg1
Rf8 34. h3 Rg5 35. Re2 Rf6 36. Kh2 g6 37. h4 Rh5 38. g3 Kg7 39. Re3 Rf2+ 40.
Kh3 Kf6 41. g4 Rh7 42. Kg3 Rg2+ 43. Rxg2 Bxg2 44. Kxg2 Rxh4 45. Kg3 Rh1 46.
Rf3+ Kg5 47. Kg2 Ra1 48. Re3 Kxg4 49. Rg3+ Kf4 50. Rxg6 Nb7 51. Rf6+ Ke5 52.
Rf5+ Ke6 53. Rh5 Nc5 54. Bc4+ Kf6 55. Rh3 Ra3 56. Rf3+ Ke7 57. Kf1 Kd6 58. Ke1
Ra4 59. Bb3 Nxb3 60. cxb3 Ra2 61. Kd1 Kc5 62. Kc1 a5 63. Rf5+ Kc6 64. Rf4 Kb5
65. Rf5+ Kc6 66. Rf7 Rg2 67. c4 Kc5 68. Rf5+ Kb4 69. Rb5+ Kc3 70. Kd1 Kd3 71.
Ke1 a4 72. bxa4 Kxc4 73. Rxb6 1/2-1/2